000 00294nam a22001337a 4500
008 181018b xxu||||| |||| 00| 0 eng d
020 _a9780787940690
041 _aeng
080 _a371
100 _a46
101 _aEDU
245 _aScholarship Reconsidered
_cBoyer, E.L
942 _2udc
_cBK
999 _c50128
_d50128